000
00270nam a2200121 a 4500
008
100922s1988|||| d
245
1
0
_a
Gorily v mlze
100
1
_a
Fosseyová, Dian
260
_b
Mladá Fronta
_a
Praha
_c
1988
020
_c
31
044
_a
CZ
041
_a
cze
999
_c
9944
_d
9944